[Event "Hessen-chA"]
[Site "Frankfurt"]
[Date "2019.06.01"]
[Round "5"]
[White "Goutham, Joshi"]
[Black "Tietzen, Stefan"]
[Result "1/2-1/2"]
[WhiteElo "1839"]
[BlackElo "2015"]
[PlyCount "59"]
[EventDate "2019.05.30"]
[EventType "swiss"]
[EventRounds "7"]
[EventCountry "GER"]
[SourceTitle "EXT 2020"]
[Source "ChessBase"]
[SourceDate "2019.10.17"]
[SourceVersion "1"]
[SourceVersionDate "2019.10.17"]
[SourceQuality "1"]

1. d4 Nf6 2. Bf4 d5 3. e3 e6 4. c3 Bd6 5. Bg3 0-0 6. Nd2 Nc6 7. Ngf3 Qe7 8. Ne5 Nd7 9. Ndf3 f6 10. Nxd7 Bxd7 11. Bb5 Nd8 12. Be2 c6 13. c4 Nf7 14. 0-0 Bxg3 15. hxg3 Nd6 16. Qb3 Be8 17. Qa3 Nf5 18. Qb3 Bf7 19. g4 Nd6 20. Qa3 Qd7 21. cxd5 exd5 22. Ne1 Bg6 23. Nd3 Bxd3 24. Qxd3 Ne4 25. g3 f5 26. gxf5 Qxf5 27. Kg2 Qg5 28. Bf3 Qf5 29. Be2 Qg5 30. Bf3 1/2-1/2